000 00443nab a22001217u 4500
008 130520b2002 xxu||||| |||| 00| 0 eng d
041 _aeng
100 1 _aMeulenbergs, Tom
_947792
245 0 0 _aLaw-making. Ethics and Hastiness: The Debate on Euthanasia in Belgium
_cTom Meulenbergs, Paul T. Schotsmans
700 1 _aSchotsmans, Paul T.
_912221
773 0 _tEthical Perspectives
_gV.9, nº2-3,2002,págs. 86-95
_x1370-0049
_wRev202
942 _cAR
999 _c299616
_d299616